LIBRARY & INFORMATION CENTRE, KCAET, TAVANUR

ONLINE PUBLIC ACCESS CATALOGUE (OPAC)

Vidwan Ishaq Sahib Keralathinte Darashuko / | വിദ്വാന്‍ ഇസ്ഹാഖ് സാഹിബ് കേരളത്തിന്റെ ദാരാഷുക്കോ (Record no. 19501)

MARC details
000 -LEADER
fixed length control field 00544nam a22001577a 4500
003 - CONTROL NUMBER IDENTIFIER
control field OSt
008 - FIXED-LENGTH DATA ELEMENTS--GENERAL INFORMATION
fixed length control field 250902b |||||||| |||| 00| 0 eng d
041 ## - LANGUAGE CODE
Language code of text/sound track or separate title mal
082 ## - DEWEY DECIMAL CLASSIFICATION NUMBER
Classification number 922
Item number JAL/VI
100 ## - MAIN ENTRY--AUTHOR NAME
Personal name Jaleel, K. T
245 ## - TITLE STATEMENT
Title Vidwan Ishaq Sahib Keralathinte Darashuko /
Remainder of title വിദ്വാന്‍ ഇസ്ഹാഖ് സാഹിബ് കേരളത്തിന്റെ ദാരാഷുക്കോ
260 ## - PUBLICATION, DISTRIBUTION, ETC. (IMPRINT)
Place of publication Thiruvananthapuram :
Name of publisher Chintha Publishers,
Year of publication 2024.
300 ## - PHYSICAL DESCRIPTION
Number of Pages 111 p.
650 ## - SUBJECT ADDED ENTRY--TOPICAL TERM
Topical Term Biography
942 ## - ADDED ENTRY ELEMENTS (KOHA)
Koha item type Books
Holdings
Withdrawn status Lost status Damaged status Home library Current library Date acquired Source of acquisition Cost, normal purchase price Full call number Accession Number Koha item type
      KAUAET KAUAET 02/09/2025 Donated by KT Jaleel MLA 190.00 922 JAL/VI 26300 Books
free website counter